| 000 | 00401nam a22001577a 4500 | ||
|---|---|---|---|
| 999 |
_c523923 _d523923 |
||
| 003 | NUST | ||
| 020 | _a9698023135 | ||
| 038 | _awaseem | ||
| 082 |
_a491.499 _bREN |
||
| 100 |
_aRensch, Calvin R. _914750 |
||
| 245 |
_aHindko and Gujari / _cCalvin R. Rensch |
||
| 260 |
_aIslamabad : _bNational Institute of Pakistan Studies, _c1992. |
||
| 300 | _a305 p. ; | ||
| 500 | _aPaperback. | ||
| 942 |
_2ddc _cBK |
||